Departamentos de El Salvador - Estadísticas

Estadísticas generales
  • Esta prueba ha sido intentada 230 veces
  • La puntuación promedio es 12 de 14
Estadísticas de respuestas
Departamentos % Correcto
10 San Salvador
97%
1 Santa Ana
89%
9 La Unión
88%
13 San Miguel
88%
11 La Libertad
87%
3 La Paz
84%
6 Cabañas
82%
4 Sonsonate
81%
14 Morazán
80%
7 San Vicente
79%
5 Ahuachapán
76%
8 Usulután
76%
2 Chalatenango
72%
12 Cuscatlán
72%
No se encontraron pruebas coincidentes
Distribución de puntuación
Porcentaje de gente con cada puntuación
Porcentaje por número respondido
Historial de tus puntuaciones
No has intentado esta prueba.